Endemic Animals of India (Vertebrates)/ (Record no. 194135)
[ view plain ]
| 000 -LEADER | |
|---|---|
| fixed length control field | 00654nam a22002057a 4500 |
| 005 - DATE AND TIME OF LATEST TRANSACTION | |
| control field | 20221208113602.0 |
| 010 ## - LCCN (DPL NO) | |
| LC control number | ENG-135786 |
| 020 ## - INTERNATIONAL STANDARD BOOK NUMBER | |
| International Standard Book Number | 9788181713346 |
| Terms of availability | 900.00 |
| 035 ## - SYSTEM CONTROL NUMBER | |
| System control number | EN-119318 |
| 037 ## - SOURCE OF ACQUISITION | |
| Source of stock number/acquisition | DBAD/PUB |
| 082 ## - DEWEY DECIMAL CLASSIFICATION NUMBER | |
| Classification number | 591.680954 |
| 245 ## - TITLE STATEMENT | |
| Title | Endemic Animals of India (Vertebrates)/ |
| Statement of responsibility, etc | Ed by K. Venkataraman, A. Vhattopadhyay and K.A. Subramanian |
| 260 ## - PUBLICATION, DISTRIBUTION, ETC. (IMPRINT) | |
| Place of publication, distribution, etc | Kolkata |
| Name of publisher, distributor, etc | Zoological Survey of India |
| Date of publication, distribution, etc | 2013 |
| 270 ## - ADDRESS | |
| Address | M-Block, New Alipore |
| City | Kolkata |
| Postal code | 700071 |
| 300 ## - PHYSICAL DESCRIPTION | |
| Extent | 238p. |
| Dimensions | 28cm(hb) |
| 700 ## - ADDED ENTRY--PERSONAL NAME | |
| Personal name | Venkataraman, K. |
| 700 ## - ADDED ENTRY--PERSONAL NAME | |
| Personal name | Chattopadhyay, A. |
| 700 ## - ADDED ENTRY--PERSONAL NAME | |
| Personal name | Subramanian, K.A. |
| 942 ## - ADDED ENTRY ELEMENTS (KOHA) | |
| Source of classification or shelving scheme | Dewey Decimal Classification |
| Item type | English Books |
| Call number suffix | END |
| Classification part | 591.680954 |
| Withdrawn status | Lost status | Not for loan | Collection code | Home library | Current library | Date acquired | Source of acquisition | Cost, normal purchase price | Full call number | Barcode | Copy number | Cost, replacement price | Koha item type |
|---|---|---|---|---|---|---|---|---|---|---|---|---|---|
| Non-fiction | Ashok Vihar | Ashok Vihar | 08/12/2022 | DBAD/PUB | 900.00 | 591.680954 END | EN-119318 | 1 | 900.00 | English Books |
